000 00566nam a2200205Ia 4500
003 IN-BaIIA
008 211028s9999 xx 000 0 eng d
040 _cIIA Library
080 _a523.68
_bWOO
100 _aWood, John A
_97189
245 0 _aMeteorites and the origin of planets
_cJohn A. Wood
260 _aNew York
_bMcGraw-Hill
_c1968
300 _avi, 117p.
490 _aEarth and planetary science series
650 _aAstronomy and astrophysics thesaurus
650 _aMeteorites
650 _aMeteors
650 _aOrigin-planets
_97190
942 _cBK
999 _c4073
_d4073